Statistics for Countries Most Similar to Albania

Click here to take the quiz!

General Stats

  • This quiz has been taken 115 times
  • The average score is 5 of 14

Answer Stats

#CountryStarts withContinent% Correct
Area11,100 AlbaniaA|B|C|D|E|F|G|H|I|J|K|L|M|N|O|P|Q|R|S|T|U|V|W|X|Y|ZAEurope
100%
Population3,011,000 AlbaniaA|B|C|D|E|F|G|H|I|J|K|L|M|N|O|P|Q|R|S|T|U|V|W|X|Y|ZAEurope
100%
Area11,787BelgiumBEurope
37%
Area11,484ArmeniaAAsia
36%
Population2,974,000ArmeniaAAsia
36%
Population3,154,000OmanOAsia
32%
Population2,910,000JamaicaJNorth America
28%
Area10,714HaitiHNorth America
26%
Area10,164RwandaRAfrica
21%
Area10,745BurundiBAfrica
15%
Area11,720LesothoLAfrica
14%
Population3,227,000MongoliaMAsia
12%
Area10,831Equatorial GuineaEAfrica
8%
Area11,157Solomon IslandsSOceania
5%

Score Distribution

Percentile by Number Answered

Percent of People with Each Score

Your Score History

You have not taken this quiz